000 00316nam a22001337a 4500
008 170421b xxu||||| |||| 00| 0 eng d
020 _a9780895828033
041 _aeng
080 _26TH
_a573
100 _a11
101 _aSHM
245 _a A PHOTOGRAPHIC ATLAS FOR THE BIOLOGY
_cDEGRAFF, K.M.V
942 _2udc
_cBK
999 _c11565
_d11565